Statistics for Subnautica Below Zero: All Fauna (Animals)

Click here to take the quiz!

General Stats

  • This quiz has been taken 112 times
  • The average score is 18 of 38

Answer Stats

% Correct
Small HerbivoresArctic Peeper
85%
Small HerbivoresBladderfish
82%
LeviathansShadow Leviathan
82%
LeviathansSquidshark
77%
Small HerbivoresBoomerang
74%
LeviathansIce Worm
69%
Aggressive CarnivoresSnow Stalker
69%
Large HerbivoresSea Monkey
63%
LeviathansChelicerate
62%
LeviathansVoid Chelicarate
62%
LeviathansGlow Whale
60%
Aggressive CarnivoresBrute Shark
58%
Passive CarnivoresPengling
57%
Passive CarnivoresPengwing
57%
Large HerbivoresTitan Holefish
57%
Small HerbivoresHoopfish
55%
LeviathansVentgarden
54%
Aggressive CarnivoresRock Puncher
52%
Scavengers & ParasitesRockgrub
46%
Aggressive CarnivoresSymbiote
45%
Aggressive CarnivoresCryptosuchus
38%
LeviathansFrozen Leviathan
37%
Small HerbivoresSpinefish
37%
Large HerbivoresEye Jelly
35%
Large HerbivoresArctic Ray
32%
Aggressive CarnivoresCrashfish
32%
Small HerbivoresFeather Fish
32%
Passive CarnivoresNoot Fish
32%
Small HerbivoresRed Feather Fish
31%
Large HerbivoresSkyray
31%
Small HerbivoresTriops
31%
Small HerbivoresSpinner Fish
29%
Small HerbivoresArrow Ray
28%
Aggressive CarnivoresBrinewing
28%
Passive CarnivoresPinnacarid
28%
Small HerbivoresDiscus Fish
25%
Large HerbivoresLily Paddler
23%
Aggressive CarnivoresSpikey Trap
17%

Score Distribution

Percentile by Number Answered

Percent of People with Each Score

Your Score History

You have not taken this quiz